000 00680nam a2200217 4500
003 OSt
005 20240730075517.0
006 a
008 240730b |||||||| |||| 00| 0 eng d
020 _a9781424052530
040 _aDWCL-Main lib.
_cOC
082 _aCirc. 418 M113v 2010
100 _aMichael, Mccarthy
245 _aVocabulary Matrix : understanding, Learning, Teaching /
260 _aUK :
_bCengage Learning,
_cc2010.
300 _aix,
_b165 p. : ill. ;
_c26 cm.
504 _aIncludes bibliographical references & index.
650 _a1. Vocabulary-Study and teaching.
650 _a2. English language-Study and teaching.
942 _2ddc
_n0
_cBK-CIRC
_kCirc.
999 _c2984
_d2984